<?xml version="1.0" encoding="UTF-8"?>
<record
    xmlns:xsi="http://www.w3.org/2001/XMLSchema-instance"
    xsi:schemaLocation="http://www.loc.gov/MARC21/slim http://www.loc.gov/standards/marcxml/schema/MARC21slim.xsd"
    xmlns="http://www.loc.gov/MARC21/slim">

  <leader>00344pam a2200133 a 4500</leader>
  <datafield tag="020" ind1=" " ind2=" ">
    <subfield code="a">81-7808-116-4</subfield>
    <subfield code="c"></subfield>
  </datafield>
  <datafield tag="041" ind1=" " ind2=" ">
    <subfield code="h"></subfield>
  </datafield>
  <datafield tag="082" ind1=" " ind2=" ">
    <subfield code="a">658</subfield>
    <subfield code="b">BUK/WIL</subfield>
  </datafield>
  <datafield tag="100" ind1=" " ind2=" ">
    <subfield code="a">BUKOWITZ W.R.,WILLIAMS R.L.,</subfield>
  </datafield>
  <datafield tag="245" ind1=" " ind2=" ">
    <subfield code="a">KNOWLEDGE MANAGEMENT FIELDBOOK</subfield>
    <subfield code="h">Textual Documents</subfield>
  </datafield>
  <datafield tag="260" ind1=" " ind2=" ">
    <subfield code="a">LONDON</subfield>
    <subfield code="b">PEARSON EDUCATION LTD</subfield>
    <subfield code="c">1999</subfield>
  </datafield>
  <datafield tag="300" ind1=" " ind2=" ">
    <subfield code="a">VIII+375</subfield>
  </datafield>
  <datafield tag="930" ind1=" " ind2=" ">
    <subfield code="a">6433</subfield>
  </datafield>
  <datafield tag="999" ind1=" " ind2=" ">
    <subfield code="c">125904</subfield>
    <subfield code="d">125904</subfield>
  </datafield>
  <datafield tag="952" ind1=" " ind2=" ">
    <subfield code="0">0</subfield>
    <subfield code="1">0</subfield>
    <subfield code="4">0</subfield>
    <subfield code="7">0</subfield>
    <subfield code="8">Circulation</subfield>
    <subfield code="a">IMP</subfield>
    <subfield code="b">IMP</subfield>
    <subfield code="d">2011-04-18</subfield>
    <subfield code="l">0</subfield>
    <subfield code="o">658 BUK/WIL</subfield>
    <subfield code="p">IMP-IM-4646</subfield>
    <subfield code="r">2023-03-01 00:00:00</subfield>
    <subfield code="t">1</subfield>
    <subfield code="w">2023-03-01</subfield>
    <subfield code="y">BK</subfield>
  </datafield>
</record>
